| 000 | 00831nam a2200241 a 4500 | ||
|---|---|---|---|
| 005 | 20230602063809.0 | ||
| 008 | 160606s2013 mx r 000 0 spa d | ||
| 020 | _a9786074952506 | ||
| 035 | _aUPN01000211145 | ||
| 049 | _aCG | ||
| 050 | 4 |
_aPQ7298.12 A4.3 _bS5.6 |
|
| 100 | 1 |
_aBalestra Aguilar, Bertha, _d1955- _939497 |
|
| 245 | 1 | 0 |
_aSin tiempo, dos novelas : _bel pez de alabastro, donde la niebla se extiende / _cBertha Balestra ; pról. Maricruz Castro Ricalde. |
| 260 |
_aMéxico : _bFOEM, _c2013. |
||
| 300 |
_a205 p. + _e1 CD -ROM ; 4 3/4 plg. |
||
| 440 | 0 |
_aLetras. _pSumma de días |
|
| 500 | _a1 CD-ROM ; 4 3/4 plg. Solicítalo en el mostrador de préstamo | ||
| 650 | 4 |
_aNovela mexicana _94557 |
|
| 740 | 3 | _aEl pez de alabastro | |
| 740 | 0 | _aDonde la niebla se extiende | |
| 905 | _aLibro | ||
| 999 |
_c183246 _d183246 |
||